<?xml version="1.0" encoding="UTF-8"?>
<record
    xmlns:xsi="http://www.w3.org/2001/XMLSchema-instance"
    xsi:schemaLocation="http://www.loc.gov/MARC21/slim http://www.loc.gov/standards/marcxml/schema/MARC21slim.xsd"
    xmlns="http://www.loc.gov/MARC21/slim">

  <leader>01960nam a22002177a 4500</leader>
  <controlfield tag="005">20260130090719.0</controlfield>
  <controlfield tag="008">220615b           ||||| |||| 00| 0 eng d</controlfield>
  <datafield tag="020" ind1=" " ind2=" ">
    <subfield code="a">9781787460560</subfield>
  </datafield>
  <datafield tag="040" ind1=" " ind2=" ">
    <subfield code="c">Aloy</subfield>
  </datafield>
  <datafield tag="041" ind1=" " ind2=" ">
    <subfield code="a">eng</subfield>
  </datafield>
  <datafield tag="082" ind1=" " ind2=" ">
    <subfield code="2">23</subfield>
    <subfield code="a">823.92</subfield>
    <subfield code="b">JAMD</subfield>
  </datafield>
  <datafield tag="100" ind1=" " ind2=" ">
    <subfield code="a">E L James</subfield>
    <subfield code="9">253223</subfield>
  </datafield>
  <datafield tag="245" ind1=" " ind2=" ">
    <subfield code="a">Darker</subfield>
  </datafield>
  <datafield tag="260" ind1=" " ind2=" ">
    <subfield code="a">London</subfield>
    <subfield code="b">Arrow Books</subfield>
    <subfield code="c">2017</subfield>
  </datafield>
  <datafield tag="300" ind1=" " ind2=" ">
    <subfield code="a">x,546p</subfield>
    <subfield code="b">PB</subfield>
    <subfield code="c">20x13cm</subfield>
  </datafield>
  <datafield tag="365" ind1=" " ind2=" ">
    <subfield code="2">English</subfield>
    <subfield code="a">1744</subfield>
    <subfield code="b">760.00</subfield>
    <subfield code="c">&#x20B9;</subfield>
    <subfield code="d">950.00</subfield>
    <subfield code="e">20%</subfield>
    <subfield code="f">13-06-2022</subfield>
  </datafield>
  <datafield tag="520" ind1=" " ind2=" ">
    <subfield code="a">See the world of Fifty Shades of Grey anew through the eyes of Christian Grey&#x2015;a fresh perspective on the love story that has enthralled millions of readers around the world.
"Please don't bite your lip, Anastasia." My voice is low, full of longing. Will I always want her like this? I want to kiss her, press her into the elevator wall like I did during our first kiss. I want to make her mine again.
Their scorching, sensual affair ended in heartbreak and recrimination, but Christian Grey cannot get Anastasia Steele out of his mind, or his blood. Determined to win her back, he tries to suppress his darkest desires and his need for complete control, and to love Ana on her own terms.
But the horrors of his childhood still haunt him, and Ana's scheming boss, Jack Hyde, clearly wants her for himself. Can Christian's confidant and therapist, Dr. Flynn, help him face down his demons? Or will the possessiveness of Elena, his seducer, and the deranged devotion of Leila, his former submissive, drag Christian down into the past?
And if Christian does win Ana back, can a man so dark and damaged ever hope to keep her?
Discover the world of Fifty Shades of Grey:An Instant #1 New York Times BestsellerMore than 165 Million Copies Sold WorldwideOne of 100 Great Reads in the Great American Read133 Weeks on the New York Times Bestseller ListThis book is intended for mature audiences.</subfield>
  </datafield>
  <datafield tag="650" ind1=" " ind2=" ">
    <subfield code="a">English Fiction</subfield>
    <subfield code="9">42456</subfield>
  </datafield>
  <datafield tag="650" ind1=" " ind2=" ">
    <subfield code="a">English Literature</subfield>
    <subfield code="9">42457</subfield>
  </datafield>
  <datafield tag="942" ind1=" " ind2=" ">
    <subfield code="2">ddc</subfield>
    <subfield code="c">BK</subfield>
  </datafield>
  <datafield tag="999" ind1=" " ind2=" ">
    <subfield code="c">223370</subfield>
    <subfield code="d">223370</subfield>
  </datafield>
  <datafield tag="952" ind1=" " ind2=" ">
    <subfield code="0">0</subfield>
    <subfield code="1">0</subfield>
    <subfield code="2">ddc</subfield>
    <subfield code="4">0</subfield>
    <subfield code="7">0</subfield>
    <subfield code="8">ENG</subfield>
    <subfield code="a">AL</subfield>
    <subfield code="b">AL</subfield>
    <subfield code="d">2022-06-14</subfield>
    <subfield code="e">Biblios Bppk Point, Surathkal, Mangalore-575014</subfield>
    <subfield code="g">760.00</subfield>
    <subfield code="l">4</subfield>
    <subfield code="m">1</subfield>
    <subfield code="o">823.92 JAMD</subfield>
    <subfield code="p">075910</subfield>
    <subfield code="r">2025-12-17 10:00:04</subfield>
    <subfield code="s">2025-12-15</subfield>
    <subfield code="v">950.00</subfield>
    <subfield code="w">2022-06-13</subfield>
    <subfield code="y">BK</subfield>
  </datafield>
</record>
